Co-operative movement in East Pakistan (Record no. 84466)
[ view plain ]
| 000 -LEADER | |
|---|---|
| fixed length control field | 00739cam a2200241 4500 |
| 001 - CONTROL NUMBER | |
| control field | sa 68012337 |
| 003 - CONTROL NUMBER IDENTIFIER | |
| control field | DLC |
| 005 - DATE AND TIME OF LATEST TRANSACTION | |
| control field | 20260227112609.0 |
| 008 - FIXED-LENGTH DATA ELEMENTS--GENERAL INFORMATION | |
| fixed length control field | 691103s1967 pk a 000 0 eng |
| 010 ## - LIBRARY OF CONGRESS CONTROL NUMBER | |
| LC control number | sa 68012337 |
| 025 ## - OVERSEAS ACQUISITION NUMBER | |
| Overseas acquisition number | PL480:EP-E-496 |
| 040 ## - CATALOGING SOURCE | |
| Original cataloging agency | DLC |
| Transcribing agency | DLC |
| Modifying agency | DLC |
| 043 ## - GEOGRAPHIC AREA CODE | |
| Geographic area code | a-bg--- |
| 050 00 - LIBRARY OF CONGRESS CALL NUMBER | |
| Classification number | HD3540.6.A4 |
| Item number | E27 1967 |
| 082 00 - DEWEY DECIMAL CLASSIFICATION NUMBER | |
| Classification number | 334/.09549/2 |
| 110 1# - MAIN ENTRY--CORPORATE NAME | |
| Corporate name or jurisdiction name as entry element | East Pakistan (Pakistan). |
| Subordinate unit | Co-operative Directorate. |
| 245 10 - TITLE STATEMENT | |
| Title | Co-operative movement in East Pakistan |
| Statement of responsibility, etc. | [prepared by Maniruddin Ahmed] |
| 260 ## - PUBLICATION, DISTRIBUTION, ETC. | |
| Place of publication, distribution, etc. | Dacca, |
| Name of publisher, distributor, etc. | Co-operative Directorate, Govt. of East Pakistan, |
| Date of publication, distribution, etc. | 1967. |
| 300 ## - PHYSICAL DESCRIPTION | |
| Extent | 53 p. |
| Other physical details | illus. |
| Dimensions | 22 cm. |
| 500 ## - GENERAL NOTE | |
| General note | Cover title. |
| 650 #0 - SUBJECT ADDED ENTRY--TOPICAL TERM | |
| Topical term or geographic name entry element | Cooperation |
| Geographic subdivision | Bangladesh. |
| 700 1# - ADDED ENTRY--PERSONAL NAME | |
| Personal name | Ahmed, Maniruddin. |
No items available.